00509nam a22001577a 45000050016000000100015000160200022000310350013000530370013000660820011000791000020000902450081001102600039001912700099002303000022003292010081608438.0 aENG-100548 a9380528113c50.00 aEN-84081 bDBAD/PUB a629.89 aNandhagopal, N. aPIC microcontroller :bglobal positioning system design /cby N. Nandhagopal aSalembM. S. K. Publicationsc2009 a2/189-E, Athanoor Amman Kovil Street, Masinagan Patti - POst Ayyothiya PattinambSaleme636103 a100p.c20cm (pbk)